Augmentative and alternative communication in acute and critical care settings (Registro nro. 72510)

Detalles MARC
000 -ENCABEZADO
Número de control [NR] 00956nam a2200241Ia 4500
008 - DE LONGITUD FIJA DE DATOS DE ELEMENTOS - INFORMACIÓN GENERAL
Elementos de longitud fija [NR] 130821s2009 xxua gr eng
020 ## - NUMERO INTERNACIONAL NORMALIZADO PARA LIBROS [R]
Número Internacional Normalizado del libro [NR] 1597560790
020 ## - NUMERO INTERNACIONAL NORMALIZADO PARA LIBROS [R]
Número Internacional Normalizado del libro [NR] 9781597560795
040 ## - FUENTE DE CATALOGACION [NR]
Agencia de catalogación original [NR] Co-BoUCM
Idioma de catalogación [NR] spa
041 00 - CODIGO DE IDIOMA [R]
Código de idioma para texto/pista de sonido o título separado [R] Inglés
060 ## - SIGNATURA TOPOGRAFICA DE LA BIBLIOTECA NACIONAL DE MEDICINA (NLM) [R]
Número clasificador [R] WL 340.2
100 1# - ASIENTO PRINCIPAL--NOMBRE PERSONAL [NR]
Nombre personal [NR] Hurtig, Richard
ID Autoridad 168235
245 10 - MENCION DE TITULO [NR]
Título [NR] Augmentative and alternative communication in acute and critical care settings
Mención de responsabilidad, etc. [NR] Richard Hurtig, Debora A. Downey
260 ## - PUBLICACION, DISTRIBUCION, ETC. (PIE DE IMPRENTA) [R]
Lugar de publicación, distribución, etc. [R] San Diego (California, Estados Unidos)
Nombre del editor, distribuidor, etc. [R] Plural Publishing
Fecha de publicación, distribución, etc. [R] 2009
300 ## - DESCRIPCION FISICA [R]
Extensión [R] xiv, 209 páginas
Otros detalles físicos [NR] ilustraciones, cuadros, gráficos
Material acompañante [NR] 1 CD-ROM
504 ## - NOTA DE BIBLIOGRAFIA, ETC. [R]
Nota de bibliografía, etc. [NR]
650 04 - ASIENTO SECUNDARIO DE MATERIA - TERMINO TEMATICO [R]
Término temático o nombre geográfico como elemento de entrada [NR] Cuidados intensivos (Medicina)
9 (RLIN) 12358
650 04 - ASIENTO SECUNDARIO DE MATERIA - TERMINO TEMATICO [R]
Término temático o nombre geográfico como elemento de entrada [NR] Dispositivos de autoayuda para personas con discapacidades
9 (RLIN) 13438
650 04 - ASIENTO SECUNDARIO DE MATERIA - TERMINO TEMATICO [R]
Término temático o nombre geográfico como elemento de entrada [NR] Neurología
9 (RLIN) 20299
650 04 - ASIENTO SECUNDARIO DE MATERIA - TERMINO TEMATICO [R]
Término temático o nombre geográfico como elemento de entrada [NR] Personas con discapacidad
9 (RLIN) 21433
700 1# - ASIENTO SECUNDARIO - NOMBRE PERSONAL [R]
Nombre personal [NR] Downey, Debora A.
9 (RLIN) 168236
942 ## - ELEMENTOS DE ENTRADA AGREGADOS (KOHA)
Tipo de ítem principal el descrito en 300a Libro
Tema principal Medicina
Edición 1
Parte restante de la signatura top. H967a
Sistema de clasificación NLM
Clasificación WL 340.2
Título oculto en OPAC No
Existencias
Fecha de último préstamo Total préstamos Signatura topográfica Código de barras Última vez visto Volúmen / Fascículo Ejemplar Price effective from Tipo de ítem Perdido Sistema de clasificación Dañado No prestable Tipo de ítem específico Suprimido Ubicación habitual Ubicación actual Localización Fecha de creación Forma de adquisición Costo
19/05/2011   WL 340.2 H967a 200021729 12/12/2025 CD-ROM Ej.1 03/02/2013 Multimedia   DEWEY     CD-Rom   Quinta de Mutis Quinta de Mutis Colección digital 19/02/2013 Compra 123700.00
28/02/2018 5 WL 340.2 H967a 200021728 11/12/2025   Ej.1 03/02/2013 Libro   NLM     Libro   Quinta de Mutis Quinta de Mutis 2do piso 19/02/2013 Compra 123700.00